| 000 | 01039 a2200241 4500 | ||
|---|---|---|---|
| 003 | OSt | ||
| 005 | 20180116182732.0 | ||
| 008 | 160502b xxu||||| |||| 00| 0 eng d | ||
| 020 | _a1853430943 | ||
| 020 | _a9781853430947 | ||
| 040 | _c0 | ||
| 082 | 0 | 4 | _a150 |
| 100 | _aRichards, Barry. | ||
| 245 | 0 | 0 |
_aCrisis of the self : _bfurther essays on psychoanalysis and politics. _cRichards, Barry. |
| 260 |
_a[S.l.] : _bColumbia University Press, _c1991. |
||
| 300 |
_a278 p. ; _c23 cm. |
||
| 500 | _aPaperback. | ||
| 520 | _aWhat is the relationship between internal states of psychological crisis and features of the external world? This book explores that question, bringing psychoanalytic thinking and practice to bear on the more public spheres of culture and politics. | ||
| 700 | 1 | _aRichards, Barry. | |
| 856 | 4 | 0 |
_3Amazon.com _uhttp://www.amazon.com/exec/obidos/ASIN/1853430943/chopaconline-20 |
| 856 | 4 | 0 |
_3Amazon customer reviews _uhttp://www.chopac.org/cgi-bin/tools/azrev.pl?q=1853430943 |
| 942 |
_aNBS _cBK _k150.195 RIC _2ddc |
||
| 999 |
_c345107 _d345107 |
||